ბათუმის შოთა რუსთაველის სახელმწიფო უნივერსიტეტის ბიბლიოთეკა

Гридравлика. (ბიბ.ჩანაწერი № 35679)

000 -LEADER
fixed length control field 00544nam a2200217Ia 4500
001 - CONTROL NUMBER
control field 1552
003 - CONTROL NUMBER IDENTIFIER
control field GE_BSU
008 - FIXED-LENGTH DATA ELEMENTS--GENERAL INFORMATION
fixed length control field 181216s||||||||xx |||||||||||||| ||und||
040 ## - CATALOGING SOURCE
Transcribing agency GE_BSU
080 ## - UNIVERSAL DECIMAL CLASSIFICATION NUMBER
Universal Decimal Classification number 621.22(075.32)
100 ## - MAIN ENTRY--PERSONAL NAME
Personal name Рабинович, Е.З.
245 ## - TITLE STATEMENT
Title Гридравлика.
245 ## - TITLE STATEMENT
Remainder of title Учебник для нефтяных техникумов.
260 ## - PUBLICATION, DISTRIBUTION, ETC.
Place of publication, distribution, etc. М.
260 ## - PUBLICATION, DISTRIBUTION, ETC.
Name of publisher, distributor, etc. Недра.
260 ## - PUBLICATION, DISTRIBUTION, ETC.
Date of publication, distribution, etc. 1974.
300 ## - PHYSICAL DESCRIPTION
Extent 296 стр. 21 см.
653 ## - INDEX TERM--UNCONTROLLED
Uncontrolled term Гидравлика.
942 ## - ADDED ENTRY ELEMENTS (KOHA)
Koha item type წიგნი
ეგზემპლარები
Withdrawn status Lost status Damaged status Not for loan Date acquired Barcode Date last seen Price effective from Koha item type
        2018-12-17 3044 2018-12-17 2018-12-17 წიგნი